| 000 | 00678nam a22001817a 4500 | ||
|---|---|---|---|
| 008 | 211101b ||||| |||| 00| 0 eng d | ||
| 020 | _a0521546893 | ||
| 050 | _aQ174.8.R45 2005 | ||
| 100 |
_aReisch, George A. _950829 |
||
| 245 |
_aHow the cold war transformed Philosophy of Science _bto the icy slopes of logic _c/by George Reisch A. |
||
| 260 |
_aCambridge: _bCambridge University Press, _c2005. |
||
| 300 |
_axiv, 418p. _c23cm. |
||
| 650 |
_aScience _xPhilosophy _xHistory _y20th century _919052 |
||
| 650 |
_aCold war _xInfluence _950830 |
||
| 650 |
_aUnited States _xIntellectual life _y20 century _950831 |
||
| 650 |
_aLogical positivism _95718 |
||
| 942 |
_2lcc _cMONOGRAPH |
||
| 999 |
_c131051 _d131051 |
||